000 00318 a2200133 4500
000 nam a22 7a 4500
100 _aParmar
110 _aParmar
245 _aPrachin bharat naveen sarvekshan evam anusndhan
250 _aLatest edition
260 _bParadise
_c2026
264 _bParadise
_c2026
942 _cBK
999 _c394924
_d394924